Statistics for Close-Up Photos - Orange

Click here to take the quiz!

General Stats

  • This quiz has been taken 75 times
  • The average score is 9 of 12

Answer Stats

Answer % Correct
Orange
100%
Carrot
100%
Tiger
98%
Monarch Butterfly
97%
Pumpkin
95%
Fire
94%
Honeycomb
90%
Sunrise/Sunset
75%
Goldfish
57%
Desert Sand
52%
Cantaloupe
32%
Gummi Bear
8%

Score Distribution

Percentile by Number Answered

Percent of People with Each Score

Your Score History

You have not taken this quiz